Online
Catalog

En desbocado símbolo : (Record no. 42940)

MARC details
000 -CABECERA
campo de control de longitud fija 01084nam a2200253 a 4500
001 - NÚMERO DE CONTROL
campo de control 000043451
005 - FECHA Y HORA DE LA ÚLTIMA TRANSACCIÓN
campo de control 20240412074302.0
008 - DATOS DE LONGITUD FIJA--INFORMACIÓN GENERAL
campo de control de longitud fija 140318s2014 pr c 000 p spa d
020 ## - NÚMERO INTERNACIONAL ESTÁNDAR DEL LIBRO
Número Internacional Estándar del Libro 9780974623672
040 ## - FUENTE DE LA CATALOGACIÓN
Centro catalogador/agencia de origen DO-SdBNP
Lengua de catalogación spa
Centro/agencia transcriptor BNPHU
082 ## - NÚMERO DE LA CLASIFICACIÓN DECIMAL DEWEY
Número de clasificación RD861.44
Número de documento/Ítem L215d
100 1# - ENTRADA PRINCIPAL--NOMBRE DE PERSONA
Nombre de persona Lamarche, Martha María,
Fechas asociadas al nombre 1900-1954.
9 (RLIN) 71138
245 13 - MENCIÓN DE TÍTULO
Título En desbocado símbolo :
Resto del título antología poética de Martha María Lamarche (1900-1954) /
Mención de responsabilidad, etc. Martha María Lamarche ; selección y estudio preliminar Ángela Hernández Núñez ; presentación Sebastián Robiou Lamarche.
260 ## - PUBLICACIÓN, DISTRIBUCIÓN, ETC.
Lugar de publicación, distribución, etc. San Juan, Puerto Rico :
Nombre del editor, distribuidor, etc. Punto y Coma,
Fecha de publicación, distribución, etc. 2014.
300 ## - DESCRIPCIÓN FÍSICA
Extensión 139 p :
Otras características físicas il., retrs. ;
Dimensiones 23 cm.
500 ## - NOTA GENERAL
Nota general Incluye datos biografícos de la autora en la contraportada del libro
590 ## - NOTA LOCAL (RLIN)
Nota local Inventariado, 2018/LP
600 14 - PUNTO DE ACCESO ADICIONAL DE MATERIA--NOMBRE DE PERSONA
Nombre de persona LAMARCHE, MARTHA MARÍA,
Fechas asociadas al nombre 1900-1954
9 (RLIN) 71139
650 #0 - PUNTO DE ACCESO ADICIONAL DE MATERIA--TÉRMINO DE MATERIA
Término de materia o nombre geográfico como elemento de entrada Poesía dominicana
9 (RLIN) 66
650 #0 - PUNTO DE ACCESO ADICIONAL DE MATERIA--TÉRMINO DE MATERIA
Término de materia o nombre geográfico como elemento de entrada Literatura dominicana.
9 (RLIN) 67
700 12 - PUNTO DE ACCESO ADICIONAL--NOMBRE DE PERSONA
Nombre de persona Robiou Lamarche, Sebastián
Término indicativo de función/relación pres.
9 (RLIN) 9669
700 12 - PUNTO DE ACCESO ADICIONAL--NOMBRE DE PERSONA
Nombre de persona Hernández, Ángela,
Fechas asociadas al nombre 1954-
Término indicativo de función/relación sel.
9 (RLIN) 2564
910 ## - DATOS DE OPCIÓN DEL USUARIO (OCLC)
Datos de opción del usuario Validado. Control de calidad MFF
Holdings
Estado de retiro Estado de pérdida Restricciones de uso No para préstamo Código de colección Localización permanente Ubicación/localización actual Ubicación en estantería Fecha de adquisición Número de inventario Total de préstamos Signatura topográfica completa Código de barras Fecha visto por última vez Número de copia Precio válido a partir de Tipo de ítem Koha
      Excluido de préstamo Monografías: Libros y Folletos General General Depósito 18.03.2014 LF1   RD861.44 L215d 43451-30 25.06.2020 e. 3 25.06.2020 No se presta
        Monografías: Libros y Folletos General General Depósito 18.01.2019 LF1   RD861.44 L215d 43451-40 25.06.2020 e. 4 25.06.2020 Préstamo en sala
      Excluido de préstamo Monografías: Libros y Folletos Patrimonio Dominicano Patrimonio Dominicano Depósito 18.03.2014 LF1   RD861.44 L215d 43451-10 25.06.2020   25.06.2020 No se presta
      Excluido de préstamo Monografías: Libros y Folletos Patrimonio Dominicano Patrimonio Dominicano Depósito 18.03.2014 LF1   RD861.44 L215d 43451-20 25.06.2020 e. 2 25.06.2020 No se presta

Powered by Koha